000 00536nam a2200193Ia 4500
005 20250923145659.0
008 008 250917s9999 xx 000 0 eng d
037 _aTextual
040 _aDSWL
_beng
_cDSWL
041 _aeng
_2eng
084 _aS8, N82
_qDSWL
245 0 _aSocial psychology and behavior and medicine
_cEd. by J.R.Eiser
260 _aNew York
_b John Wiley & Sons
_c1982
300 _axiv,588 p.
365 _aUSD
_b48.95
925 _g48.95
942 _cTEXL
_hS8, N82
999 _c1454292
_d1454292